000 01245nam a2200337 i 4500
003 EG-GICUC
005 20260429154712.0
008 260429s2005 ua ||||fr|||| 000 0 ara d
017 _a2005/24074
020 _a978*977-04-5441-5
040 _a EG-GICUC
_bara
_c EG-GICUC
_d EG-GICUC
_erda
041 0 _aara
082 0 4 _221
_a345
_bم ج . و
092 0 4 _221
099 _aLaw1 07 345 م ج . و 2005
100 0 _aمجدي عبدالحميد شعيب.
_eمؤلف.
245 1 2 _aالوسيط في القانون العام :
_bدراسة مقارنة /
_cمجدي عبدالحميد شعيب.
264 1 _aالقاهرة :
_bدار لنهضة العربية،
_c2005.
300 _a134 صفحة، صفحات غير مرقمة ؛
_c24 سم.
336 _2rda content
_atext
337 _2rda media
_aComputer
338 _2rda carrier
_aOnline Resource
504 _a ببليوجرافيا: صفحات.131 - 140
504 _aيشتمل على إرجاعات ببليوجرافية.
546 3 _aالنص باللغة العربية
650 1 _aالقانون الإداري
_2qrmak
651 1 _2qrmak
856 4 0 _uhttps://fll.law.cu.edu.eg/fulltext/bks/B07-04821.pdf
905 _a62
942 _2ddc
_n0
_cBK
_e21
999 _c74272
_d74272